000 00360pab a2200145 454500
008 180718b2000 xxu||||| |||| 00| 0 eng d
100 _aSahu, Gopal Krushna
245 _aParticipatory communication approach for tribal development
260 _c2000
300 _ap.29-32
362 _aAug
650 _aTribes
773 _aSocial Welfare
909 _a45661
999 _c45661
_d45661